LEADER 00746nam a2200205 i 4500 001 000000152913 003 CaOOAMICUS 005 20060907000000.0 008 060907n it u000 u eng u 013 $a130254 040 $aSeMil$bita 245 10$aGenesis 27:41 to end. 300 $aVII, 374 p. 490 0 $aClassic commentary library 500 $aContiene : Appendix. 773 0 $aCandlish, Robert S.$tCommentary on Genesis.$dMichigan : Zondervan Publishing House, [19-?]$gVol.2$w()16299 830 0$aClassic commentary library.$0(OLS)http://semarc/title/21559 850 $aSeMil 852 $aSeMil$W1$xVenegono$y1$m2W II 146$j104857$B104857$CSeMilBibl$Z2$F114035 $81 996 $6245$aGenesis 27:41 to end$9(OLS)http://semarc/title/223647 LEADER 01174nam a2200289 i 4500 001 000000125558 003 CaOOAMICUS 005 20051109000000.0 008 051109s1973 it u000 u mul u 013 $a98259 040 $aSeMil$bita 100 1 $aMusset, Alfred : de,$d<1810-1857>.$0(OLS)http://semarc/name/18294 240 10$aPoésies.$0(OLS)http://semarc/title/58551 245 10$aNamuna e altre poesie /$cAlfred de Musset ; introduzione e traduzione di Mario Roffi. 260 $aTorino :$bGiulio Einaudi,$ccopyr. 1973. 300 $a252 p. ;$c19 cm. 490 0 $aCollezione di poesia ;$v104 500 $aTesto a fronte in francese. - Fondo Ciprandi. 650 4$aPoesia.$0(OLS)http://semarc/subject/5458 700 1 $aRoffi, Mario.$0(OLS)http://semarc/name/52158 830 0$aCollezione di poesia ;$v104.$0(OLS)http://semarc/title/7855 850 $aSeMil 852 $aSeMil$W1$xVenegono$y1$m1V I 78$j79987$B79987$CSeMilBibl$Z2$F105434 $81 941 1 $a1 961 $aOmaggio: Ciprandi dott. Paolo 996 $6245$aNamuna e altre poesie$9(OLS)http://semarc/title/184913 996 $6260$aTorino :$bGiulio Einaudi$9(OLS)http://semarc/publisher/29810